Effect of different organic fertilizers on chinese chives in crop station of royal university of agriculture ឥទ្ធិពលនៃប្រភេទជីធម្មជាតិទៅលើដំណាំគូឆាយស្លឹកនៅស្ថានីយ៍ពិសោធន៍ដំណាំនៃសាកលវិទ្យាល័យភូមិន្ទកសិកម្ម (Record no. 993)

000 -LEADER
fixed length control field 00600nam a22001097a 4500
040 ## - CATALOGING SOURCE
Transcribing agency AGR
100 ## - MAIN ENTRY--AUTHOR NAME
Personal name SAN, SOVANNARATH
245 ## - TITLE STATEMENT
Title Effect of different organic fertilizers on chinese chives in crop station of royal university of agriculture ឥទ្ធិពលនៃប្រភេទជីធម្មជាតិទៅលើដំណាំគូឆាយស្លឹកនៅស្ថានីយ៍ពិសោធន៍ដំណាំនៃសាកលវិទ្យាល័យភូមិន្ទកសិកម្ម
260 ## - PUBLICATION, DISTRIBUTION, ETC. (IMPRINT)
Place of publication Phnom penh
Name of publisher AGR
Year of publication 2009
856 ## - ELECTRONIC LOCATION AND ACCESS
Uniform Resource Identifier SAN SOVANN
942 ## - ADDED ENTRY ELEMENTS (KOHA)
Koha item type AGR
952 ## - LOCATION AND ITEM INFORMATION (KOHA)
Withdrawn status [LOCAL, KOHA] 0
952 ## - LOCATION AND ITEM INFORMATION (KOHA)
Withdrawn status [LOCAL, KOHA] 0
952 ## - LOCATION AND ITEM INFORMATION (KOHA)
Withdrawn status [LOCAL, KOHA] 0
952 ## - LOCATION AND ITEM INFORMATION (KOHA)
Withdrawn status [LOCAL, KOHA] 0
952 ## - LOCATION AND ITEM INFORMATION (KOHA)
Withdrawn status [LOCAL, KOHA] 0
952 ## - LOCATION AND ITEM INFORMATION (KOHA)
Withdrawn status [LOCAL, KOHA] 0
952 ## - LOCATION AND ITEM INFORMATION (KOHA)
Withdrawn status [LOCAL, KOHA] 0
Holdings
Koha item type Shelving location Lost status Permanent Location Current Location Date acquired
AGRB039 Library Block BLibrary Block B2015-09-21
AGRB039 Library Block BLibrary Block B2015-09-21
AGRB039 Library Block BLibrary Block B2015-09-21
AGRB039 Library Block BLibrary Block B2015-09-21
AGRB039 Library Block BLibrary Block B2015-09-21
AGRB039 Library Block BLibrary Block B2015-09-21
AGRB039 Library Block BLibrary Block B2015-09-21
មជ្ឈមណ្ឌលឯការនៃសាកលវិទ្យាល័យភូមិន្ទកសិកម្មចំការដូង

Powered by Koha